000 00597nam a2200217Ia 4500
005 20250425162630.0
008 250425s9999 xx 000 0 und d
020 _a9781439042304
041 _aeng
082 _a658.4012
100 _aHITT, MICHAEL A.
245 0 _aSTRATEGIC MANAGEMENT: COMPETITIVENESS AND GLOBALIZATION: CONCEPTS AND CASES
250 _a9TH ED.
260 _aEstados Unidos
_bSOUTH-WESTERN CENGAGE LEARNING
_c2011
260 _aMASON CITY
300 _a439
650 _aGESTION INDUSTRIAL
650 _aPLANIFICACION ESTRATEGICA
942 _c01
010 _a91553
999 _c233243
_d233243